00505 a2200121 4500001001000000005001700010008004100027245014000068100002800208700003300236773009700269999001700366ART_5516420260410161823.0260409a 10aSe tenía que decir y se dijo. Comentario al fallo de la CSJN, "Vidal, Matías Fernando Cristóbal y otros s/infracción ley 24769"1 aSemachowicz, Esteban D.1 aTrídico, Sofía del Valle0 tDoctrina Penal Tributaria y EconómicagSuplemento especial - Nº 62/1 (dic. 2021)wREV4317 c22494d22494